000
00313nam a2200133 a 4500
005
20140414132055.0
008
100520s19uu xx 00 eng d
050
_a
REF 938
_b
P36 2000
100
_a
Pearson, Anne
245
_a
Ancient Greece.
440
_a
Eyewitness books
650
_a
Greece
999
_c
114280
_d
114280